| 000 | 00971nam0a22002771 4500 | ||
|---|---|---|---|
| 001 | v19\rc\1647875 | ||
| 005 | 20250619002132.0 | ||
| 035 | _a(NLR Aleph) 004759769 | ||
| 090 |
_a4577241 _c4577241 |
||
| 100 | _a20061002d1887 |||y0rusy50 ca | ||
| 101 | 1 |
_arus _cger |
|
| 102 | _aRU | ||
| 105 | _aa z |||a| | ||
| 200 | 1 |
_aОпасности диких стран _eРассказ для юношества Р. Сципио _fПер. с нем. А. Макаровой |
|
| 210 |
_aСанкт-Петербург _cФ.А. Битепаж _dценз. 1887 |
||
| 215 |
_a[4], 206 с., 1 л. фронт. (цв. ил.), 3 л. цв. ил. _d21 |
||
| 300 | _aНа обл. авт. не указан | ||
| 700 | 1 |
_aСципио _bР. _gРудольф |
|
| 702 | 1 |
_aМакарова _bА. _4730 |
|
| 801 | 0 |
_aRU _bNLR _gpsbo |
|
| 801 | 0 |
_aRU _bRuMoRGB _2psbo |
|
| 801 | 1 |
_aRU _bProSoft-M _2rusmarc |
|
| 852 |
_aNLR _j18.307.5.11 |
||
| 899 |
_aRuMoRGB _jA 155/147 |
||
| 942 | _cBOOK | ||
| 980 | _aNB | ||